Bestiario y paraíso en los viajes colombinos (Registro nro. 67018)

Detalles MARC
000 -LEADER
campo de control de longitud fija 01148nam a22002655i 4500
001 - NÚMERO DE CONTROL
campo de control 67018
003 - IDENTIFICADOR DE NÚMERO DE CONTROL
campo de control ES-MaACL
005 - FECHA Y HORA DE LA ÚLTIMA TRANSACCIÓN
campo de control 20230906165930.0
007 - CAMPO FIJO DE DESCRIPCIÓN FÍSICA--INFORMACIÓN GENERAL
campo de control de longitud fija t|
008 - DATOS DE LONGITUD FIJA--INFORMACIÓN GENERAL
campo de control de longitud fija 930203s1992 sp ||||0| spa d
040 ## - FUENTE DE CATALOGACIÓN
Centro catalogador/agencia de origen M-BN
Lengua de catalogación spa
Centro/agencia transcriptor M-BN
080 ## - NÚMERO DE LA CLASIFICACIÓN DECIMAL UNIVERSAL
Número de la Clasificación Decimal Universal 59(0:82)
080 ## - NÚMERO DE LA CLASIFICACIÓN DECIMAL UNIVERSAL
Número de la Clasificación Decimal Universal 82-96.09
080 ## - NÚMERO DE LA CLASIFICACIÓN DECIMAL UNIVERSAL
Número de la Clasificación Decimal Universal 910.4(7/8)"14"
100 0# - ENTRADA PRINCIPAL--NOMBRE DE PERSONA
Nombre de persona Gómez-Tabanera, José Manuel,
Fechas asociadas al nombre 1926-2011
9 (RLIN) 58165
245 10 - MENCIÓN DEL TÍTULO
Título Bestiario y paraíso en los viajes colombinos
Resto del título : el legado del folklore medieval europeo a la historiografía americanista : ponencia presentada al XI Congreso de la Asociación Internacional de Hispanistas (24-29 de agosto de 1992), Universidad de California, Irvine /
Mención de responsabilidad, etc. José Manuel Gómez-Tabanera.
260 ## - PUBLICACIÓN, DISTRIBUCIÓN, ETC.
Lugar de publicación, distribución, etc. [S.l :
Nombre del editor, distribuidor, etc. s.n],
Fecha de publicación, distribución, etc. D.L. 1992 (
Lugar de fabricación/manufactura Oviedo :
Fabricante Imp. Gofer)
300 ## - DESCRIPCIÓN FÍSICA
Extensión 32 p :
Otras características físicas il ;
Dimensiones 21 cm.
504 ## - NOTA DE BIBLIOGRAFÍA, ETC.
Nota de bibliografía, etc. Bibliografía: p. 30-32.
650 14 - PUNTO DE ACCESO ADICIONAL DE MATERIA--TÉRMINO DE MATERIA
Término de materia o nombre geográfico como elemento de entrada Bestiarios-
Subdivisión general Influencia.
9 (RLIN) 10513
651 #4 - PUNTO DE ACCESO ADICIONAL DE MATERIA--NOMBRE GEOGRÁFICO
Nombre geográfico América-
Subdivisión general Descubrimientos y exploraciones-
Subdivisión cronológica S.XV.
9 (RLIN) 7696
710 2# - ENTRADA AGREGADA--NOMBRE DE ENTIDAD CORPORATIVA
Nombre de entidad corporativa o nombre de jurisdicción como elemento de entrada Asociación Internacional de Hispanistas.
Unidad subordinada Congreso (
Número del congreso/reunión o número de parte o sección 11º.
Fecha del congreso o de la firma del tratado 1992.
Sede del congreso/Lugar de la reunión Irvine, California)
9 (RLIN) 1730
852 ## - LOCALIZACIÓN
Ubicación ES-MaACL
Número de control de estantería 2170-F-18
Sublocalización o colección R.125517
Existencias
Estatus retirado Estado de pérdida Estado de daño No para préstamo Colección Biblioteca de origen Biblioteca actual Ubicación en estantería Fecha de adquisición Fuente de adquisición Total de préstamos Signatura topográfica completa Código de barras Visto por última vez Precio de reemplazo Tipo de ítem Koha
        Colección de folletos Biblioteca del Ateneo de Madrid Biblioteca del Ateneo de Madrid Depósito folletos 17/01/2008     2170-F-18 1070191 23/02/2023 23/02/2023 Folleto